European Countries Speedrun - Statistics

General Stats
  • This quiz has been taken 98 times
  • The average score is 44 of 47
Answers on the Map
Answers color-coded by a green-red scale on the quiz's map according to % correct below.
 
Answer Stats
Country % Correct
Belgium
100%
France
100%
UK
100%
Belarus
99%
Denmark
99%
Finland
99%
Germany
99%
Italy
99%
Netherlands
99%
Norway
99%
Portugal
99%
Spain
99%
Sweden
99%
Switzerland
99%
Croatia
97%
Czechia
97%
Estonia
97%
Greece
97%
Ireland
97%
Poland
97%
Russia
97%
Austria
96%
Bulgaria
96%
Hungary
96%
Iceland
96%
Slovakia
96%
Slovenia
96%
Albania
94%
Bosnia and Herzegovina
94%
Latvia
94%
Lithuania
94%
Monaco
94%
Romania
94%
Ukraine
94%
Luxembourg
93%
Serbia
93%
Vatican City
93%
North Macedonia
92%
Andorra
90%
San Marino
90%
Moldova
89%
Montenegro
89%
Liechtenstein
88%
Malta
88%
Kosovo
86%
Cyprus
61%
Turkey
49%
No matching quizzes found
Score Distribution
Percent of People with Each Score
Percentile by Number Answered
Your Score History
You have not taken this quiz